Best 2023-2024 NBA Role Players - Statistics

General Stats
  • This quiz has been taken 165 times
  • The average score is 8 of 30
Answer Stats
Team Player % Correct
Boston Celtics Derrick White
76%
Chicago Bulls Alex Caruso
45%
Atlanta Hawks Bogdan Bogdanovic
45%
New Orleans Pelicans Herbert Jones
42%
Los Angeles Lakers Austin Reaves
40%
Cleveland Cavaliers Evan Mobley
38%
Miami Heat Duncan Robinson
31%
Oklahoma City Thunder Josh Giddey
30%
Detroit Pistons Ausar Thompson
29%
Milwaukee Bucks Brook Lopez
29%
Dallas Mavericks Tim Hardaway Jr
29%
Los Angeles Clippers James Harden
27%
Minnesota Timberwolves Rudy Gobert
27%
Phoenix Suns Bradley Beal
26%
Houston Rockets Dillon Brooks
26%
Indiana Pacers Myles Turner
26%
New York Knicks OG Anunoby
26%
Charlotte Hornets Brandon Miller
24%
Sacramento Kings Malik Monk
24%
Orlando Magic Jalen Suggs
23%
Golden State Warriors Chris Paul
20%
Utah Jazz John Collins
17%
Brooklyn Nets Dennis Schroder
16%
Philadelphia 76ers Kelly Oubre Jr
16%
San Antonio Spurs Jeremy Sochan
13%
Toronto Raptors Immanuel Quickley
12%
Portland Trail Blazers Scoot Henderson
12%
Washington Wizards Deni Avdija
10%
Memphis Grizzlies Santi Aldama
8%
Denver Nuggets Aaron Gordan
3%
No matching quizzes found
Score Distribution
Percent of People with Each Score
Percentile by Number Answered
Your Score History
You have not taken this quiz